000 00554nam a22001817a 4500
003 UA-OsUOA
001 14392
007 ta
008 20030907b un ||||| |||| 00| 0 ukr d
100 _aСіницький П.
942 _cSA
040 _aUA-OsUOA
_cUA-OsUOA
_dUA-OsUOA
245 _aСтан малого підприємництва: [в Радивилів. р-ні]
300 _aС.2
955 _a0
773 0 _w0
_tПрапор перемоги
_dРадивилів
_d2003
_g№59/ 29 лип./
650 7 _aКраєзнавча робота
_2UDC
999 _c300553
_d300553